000
00292nam a22001097a 4500
082
_a
503.21 MCG'I
100
_a
INTERNATIONAL
_9
56697
245
_a
MCGRAW HILL ENCYCLOPEDIA OF SCEINCE AND TECHNOLOGY VOLUME - 9 NAI-REP
260
_a
NEWYORK
_b
MCGRAW HILL
_c
1966
300
_a
629P
942
_c
BK
999
_c
567063
_d
567063